| 000 | 00601nam a2200229Ia 4500 | ||
|---|---|---|---|
| 005 | 20230426073325.0 | ||
| 008 | 230125s9999 xx 000 0 und d | ||
| 020 | _a9789352138173 | ||
| 041 | _aeng | ||
| 082 |
_a004.1 _bZAR |
||
| 100 | _aZarrella D | ||
| 245 | _aThe Facebook Marketing Book | ||
| 250 | _a2nd Ed. | ||
| 260 |
_c2019 _bShroff publisher and distributors _aMumbai |
||
| 300 | _a272p | ||
| 500 | _aBusiness Analytics;Facebook | ||
| 650 |
_aBusiness Analytics;Facebook _9181268 |
||
| 700 |
_aZarrella D & Zarrella A _9118254 |
||
| 906 | _b196 | ||
| 942 | _cBK | ||
| 999 |
_c96260 _d96260 |
||